Countries by World Cup podium placements by year - Statistics

General Stats
  • This quiz has been taken 18 times
  • The average score is 22 of 25
Answer Stats
Hint Answer % Correct
19301978 1990 2014 2022 Argentina
100%
19862018 Belgium
100%
19381950 1958 1962 1970 1974 1978 1994 1998 2002 2014 Brazil
100%
19661990 2018 England
100%
19581982
1986 1998 2006 2018 2022
France
100%
19341954
1958 1966
1970 1974 1982 1986 1990 2002 2006 2010 2014
Germany
100%
19341938 1970 1978 1982 1990 1994 2006 Italy
100%
1962 Chile
94%
19982018 2022 Croatia
94%
1938 Hungary
94%
19741978 1998 2010 2014 Netherlands
94%
19502010 Spain
94%
19301950 1954 1970 2010 Uruguay
94%
2022 Morocco
88%
2002 South Korea
88%
1930 United States
88%
19381950 1958 1994 Sweden
81%
19341954 Austria
75%
19741982 Poland
75%
19662006 Portugal
75%
19301962 Yugoslavia
75%
1966 Soviet Union
69%
2002 Turkey
69%
1994 Bulgaria
63%
19341962 Czechoslovakia
56%
No matching quizzes found
Score Distribution
Percent of People with Each Score
Percentile by Number Answered
Your Score History
You have not taken this quiz